Normal view
MARC view
- Schiller, P
Entry Personal Name
001 - CONTROL NUMBER
- control field: 8996
003 - CONTROL NUMBER IDENTIFIER
- control field: NUST
005 - DATE AND TIME OF LATEST TRANSACTION
- control field: 20180118193421.0
008 - FIXED-LENGTH DATA ELEMENTS
- fixed length control field: 180118|| aca||aabn | a|a d
040 ## - CATALOGING SOURCE
- Original cataloging agency: NUST
- Transcribing agency: NUST
100 ## - HEADING--PERSONAL NAME
- Personal name: Schiller, P
670 ## - SOURCE DATA FOUND
- Source citation: Work cat.: (NUST)248170: Schiller, P, Complete Books of Activities Games, Stories Props, Recipes, and Dances for Yong Children
